000 00894nam a2200277Ia 4500
003 OSt
005 20220918170452.0
006 a|||||r|||| 00| 0
007 ta
008 220917b |||||||| |||| 00| 0 eng d
020 _a9780231152426
_c3817.80
024 _a283,520
037 _b42745, 22/12/2014, Segment Book Distributors
_cTextual
040 _aARTS
_cARTS
_beng
041 _2eng
_aeng
082 _aR, P0
100 _aVattimo Gianni
_915020
245 0 _aResponsibility of the philosopher
260 _aNew York
_bColumbia University Press U.S.A
_c2000
300 _avi, 153p.
_ccm.
650 _aPHILOSOPHY
700 _a D'Agostini Franca Ed.
_929244
700 _a Mccuaig William Tr.
_929245
942 _hR, P0
_cTEXL
_2CC
999 _c134299
_d134299